Who accomplished that? Football edition - Statistics

General Stats
  • This quiz has been taken 40 times
  • The average score is 31 of 45
Answer Stats
Question Tile Select % Correct
Who won more than one Ballon d‘Or ? Yes
100%
Who won more than one Ballon d‘Or ? No
94%
Who scored over 700 goals? No
89%
Who scored over 700 goals? Yes
89%
Who is a worldcup winner? Yes
89%
Who is a worldcup winner? No
89%
Who is a worldcup winner? No
89%
Who won more than one Ballon d‘Or ? No
86%
Who scored over 700 goals? Yes
86%
Who is a worldcup winner? Yes
86%
Who is a worldcup winner? No
86%
Who made more than 1000 appearances? No
86%
Who won more than one Ballon d‘Or ? No
83%
Who scored over 700 goals? Yes
83%
Who scored over 700 goals? No
81%
Who is a worldcup winner? No
81%
Who made more than 1000 appearances? No
81%
Who won more than one Ballon d‘Or ? No
78%
Who scored over 700 goals? No
78%
Who made more than 1000 appearances? Yes
78%
Who is in the Top 10 of most assists all time? No
75%
Who is in the Top 10 of most assists all time? Yes
75%
Who is in the Top 10 of most assists all time? No
75%
Who made more than 1000 appearances? No
75%
Who is in the Top 10 of most assists all time? Yes
69%
Who is in the Top 10 of most assists all time? Yes
69%
Who is in the Top 10 of most assists all time? No
69%
Who is a worldcup winner? No
64%
Who won more than one Ballon d‘Or ? Yes
61%
Who made more than 1000 appearances? Yes
61%
Who is a worldcup winner? No
56%
Who scored over 700 goals? Yes
53%
Who is a worldcup winner? No
53%
Who won more than one Ballon d‘Or ? Yes
50%
Who scored over 700 goals? No
50%
Who won more than one Ballon d‘Or ? Yes
44%
Who is in the Top 10 of most assists all time? Yes
44%
Who made more than 1000 appearances? No
44%
Who made more than 1000 appearances? No
44%
Who is in the Top 10 of most assists all time? Yes
42%
Who won more than one Ballon d‘Or ? Yes
39%
Who is in the Top 10 of most assists all time? No
33%
Who made more than 1000 appearances? Yes
33%
Who scored over 700 goals? Yes
31%
Who made more than 1000 appearances? Yes
31%
No matching quizzes found
Score Distribution
Percent of People with Each Score
Percentile by Number Answered
Your Score History
You have not taken this quiz